000 00648nam a2200241Ia 4500
003 OSt
005 20220924115234.0
006 a|||||r|||| 00| 0
007 ta
008 220923b |||||||| |||| 00| 0 urd d
020 _c10.00
024 _a311192
037 _cTextual
040 _aARTS
_cARTS
_burd
041 _2urd
_aurd
082 _aO168,1x(Delta)M8, K7
100 _aAziz Waris Ed.
_9177352
245 0 _aHadees-e-marefat
260 _aDelhi
_bAnjuman taraqqi India
_c1967
650 _aURDU LITERATURE
942 _hO168,1x(Delta)M8, K7
_cTEXL
_2CC
999 _c397400
_d397400